000 004250000a22001690004500
003 MACL
005 20160102121349.0
008 160102b xxu||||| |||| 00| 0 eng d
040 _aMACL
_cMACL
041 _aEnglish
082 _a610/HAU
100 _aHauser, Gayelord
_926883
245 _aBe happier Be healthier
260 _bFaber and Faber Ltd
_aLondon
650 _aMedical Science
_926884
942 _cBK
_k610/HAU
_2ddc
999 _c35306
_d35306